| 000 | 00499nam a2200169 4500 | ||
|---|---|---|---|
| 005 | 20260311095918.0 | ||
| 008 | 170315b xxu||||| |||| 00| 0 eng d | ||
| 020 | _a9556130470 | ||
| 041 | _gENG | ||
| 082 |
_a930.1 _bINT |
||
| 245 | _aArachaeological Heritage Management | ||
| 260 |
_a Colombo: _bICOMOS, Central Cultural Fund Publication, _c1993. |
||
| 300 |
_aපිටු 143 _cසෙ.මී. 29 |
||
| 650 | 0 |
_aArchaeological _92881 |
|
| 700 |
_aPrematilleke, P.L _93158 _eEdit: |
||
| 942 |
_2ddc _cBK |
||
| 999 |
_c5712 _d5712 |
||